| 000 | 00604nam a2200229 a 4500 | ||
|---|---|---|---|
| 001 | BRCA_5865 | ||
| 005 | 20190320205238.0 | ||
| 008 | 160311s1950----enka######---#000-0#eng-# | ||
| 041 | _aeng | ||
| 044 | _aenk | ||
| 050 | 4 |
_aNK7495 _b.S96 1950 |
|
| 100 | 1 |
_aSymonds, R. W. _94493 |
|
| 245 | 1 | 0 |
_aA book of English clocks _cby R. W. Symonds. |
| 260 |
_aLondres _bPenguin _c1950 |
||
| 300 |
_a79 p. _bil., 64 láminas _c18 cm. |
||
| 500 | _aEstado físico: lomo roto | ||
| 500 | _aG50 | ||
| 650 | 1 | 4 |
_aRelojes _zInglaterra _914851 |
| 650 | 1 | 4 |
_aRelojes _xHistoria _914852 |
| 902 | _aGFM | ||
| 942 |
_2lcc _cB |
||
| 999 |
_c5554 _d5554 |
||